| 000 | 00811nam a2200229 a 4500 | ||
|---|---|---|---|
| 005 | 20151125102522.0 | ||
| 008 | 140310b1999 ck ||||| |||| 00| 0 spa d | ||
| 040 |
_aCO-BoIAVH _cCO-BoIAVH |
||
| 041 | 0 | _aspa | |
| 044 | _ack | ||
| 090 |
_aLB _b02887 |
||
| 100 | 1 | _aMolera Teruel, Alfonso | |
| 245 | 1 |
_aInforme sobre producción en agricultura ecológica en Colombia / _cAlfonso Molera Teruel |
|
| 260 |
_aBogotá, Colombia : _bConvenio Proexport-Protrade, _c1999. |
||
| 300 |
_a70 páginas : _btablas ; _c28 cm. |
||
| 650 | 6 |
_aAgricultura Orgánica _zColombia |
|
| 650 | 6 |
_aProductividad agrícola _x Aspectos ambientales _z Colombia. |
|
| 650 | 6 |
_aEmpresas agrícolas _z Colombia. |
|
| 650 | 6 |
_aAgricultura ecológica _z Colombia. |
|
| 662 | _aColombia | ||
| 942 |
_cINFORME _2z |
||
| 999 |
_c3125 _d3125 |
||